Detalles MARC
| 000 -LEADER |
| fixed length control field |
02099 am a2200577 a 4500 |
| 005 - FECHA ULTIMA MODIFICACION |
| control field |
20240214110740.0 |
| 008 - CAMPO DE CONTROL (LIBRO) |
| fixed length control field |
100824s1997||||mx a f |||| 001 0 spa d |
| 020 ## - INTERNATIONAL STANDARD BOOK NUMBER |
| ISBN |
9684267568 |
| 041 ## - CODIGO DE IDIOMA |
| Código de idioma del texto/pista de sonido o título separado |
spa |
| 092 ## - SIGNATURA TOPOGRAFICA DEWEY LOCAL |
| número de clasificación |
612.015 |
| libristica |
8 |
| sección |
BIO |
| 245 ## - TITULO PROPIAMENTE DICHO |
| Título |
Bioquímica de Harper. |
| Mención de responsabilidad y remanente de la transcripción de la portada |
Robert K. Murray |
| 250 ## - MENCION DE EDICION |
| Mención de edición |
14a ed. en español de la 24a ed. en inglés |
| Mención de responsabilidad relacionada con la ed. |
Traducción Javier Eduardo Gómez Saborio. |
| 260 ## - PIE DE IMPRENTA |
| Lugar de publicación, distribución, etc |
México: |
| Nombre de la editorial, distribuidor, etc |
Manual Moderno; |
| Fecha de publicación |
1997. |
| 300 ## - DESCRIPCION FISICA |
| Extension |
1021 p. |
| Dimensiones |
26 cm. |
| 500 ## - NOTA GENERAL |
| Nota general |
Murray, R. et al. (1997). Bioquímica de Harper. (14a ed.). México : Manual Moderno. |
| 653 ## - TÉRMINO INDIZADO - PALABRAS CLAVES |
| Palabra clave |
Bioquímica y medicina |
| 653 ## - TÉRMINO INDIZADO - PALABRAS CLAVES |
| Palabra clave |
Biomoléculas y métodos bioquímicos |
| 653 ## - TÉRMINO INDIZADO - PALABRAS CLAVES |
| Palabra clave |
Agua y pH |
| 653 ## - TÉRMINO INDIZADO - PALABRAS CLAVES |
| Palabra clave |
Estructura y funciones de proteínas y enzimas |
| 653 ## - TÉRMINO INDIZADO - PALABRAS CLAVES |
| Palabra clave |
Bioenergética y el metabolismo de carbohidratos y lípidos |
| 653 ## - TÉRMINO INDIZADO - PALABRAS CLAVES |
| Palabra clave |
Metabolismo de proteínas y aminoácidos |
| 653 ## - TÉRMINO INDIZADO - PALABRAS CLAVES |
| Palabra clave |
Estructura, función y replicación de las macromoléculas informativas |
| 653 ## - TÉRMINO INDIZADO - PALABRAS CLAVES |
| Palabra clave |
Bioquímica de la comunicación extracelular e intracelular |
| 653 ## - TÉRMINO INDIZADO - PALABRAS CLAVES |
| Palabra clave |
Estructura y función de las vitaminas hidrosolubles |
| 653 ## - TÉRMINO INDIZADO - PALABRAS CLAVES |
| Palabra clave |
Estructura y función de las vitaminas liposolubles |
| 653 ## - TÉRMINO INDIZADO - PALABRAS CLAVES |
| Palabra clave |
Nutrición |
| 653 ## - TÉRMINO INDIZADO - PALABRAS CLAVES |
| Palabra clave |
Digestión y absorción |
| 653 ## - TÉRMINO INDIZADO - PALABRAS CLAVES |
| Palabra clave |
Glucoproteínas |
| 653 ## - TÉRMINO INDIZADO - PALABRAS CLAVES |
| Palabra clave |
Matriz extracelular |
| 653 ## - TÉRMINO INDIZADO - PALABRAS CLAVES |
| Palabra clave |
Músculo |
| 653 ## - TÉRMINO INDIZADO - PALABRAS CLAVES |
| Palabra clave |
Proteínas plasmáticas, inmunoglobulinas y coagulación sanguínea |
| 653 ## - TÉRMINO INDIZADO - PALABRAS CLAVES |
| Palabra clave |
Eritrocitos y leucocitos |
| 653 ## - TÉRMINO INDIZADO - PALABRAS CLAVES |
| Palabra clave |
Metabolismo de xenobióticos |
| 653 ## - TÉRMINO INDIZADO - PALABRAS CLAVES |
| Palabra clave |
Cáncer, oncogénesis y factores de crecimiento |
| 653 ## - TÉRMINO INDIZADO - PALABRAS CLAVES |
| Palabra clave |
Bases bioquímicas y genéticas de la enfermedad |
| 653 ## - TÉRMINO INDIZADO - PALABRAS CLAVES |
| Palabra clave |
Bases bioquímicas de algunos trastornos neuropsiquiatricos |
| 653 ## - TÉRMINO INDIZADO - PALABRAS CLAVES |
| Palabra clave |
Historias de casos bioquímicos |
| 700 1# - ENTRADAS SECUNDARIAS - NOMBRE PERSONAL |
| Nombre personal |
Murray, Robert K. |
| 9 (RLIN) |
1278 |
| 700 1# - ENTRADAS SECUNDARIAS - NOMBRE PERSONAL |
| Nombre personal |
Mayes, Peter A. |
| 9 (RLIN) |
1279 |
| 700 1# - ENTRADAS SECUNDARIAS - NOMBRE PERSONAL |
| Nombre personal |
Granner, Daryl K. |
| 9 (RLIN) |
1280 |
| 700 1# - ENTRADAS SECUNDARIAS - NOMBRE PERSONAL |
| Nombre personal |
Rodwel, Victor W. |
| 9 (RLIN) |
1281 |
| 930 ## - NUMERO DE INVENTARIO |
| Número de inventario |
966 |
| 930 ## - NUMERO DE INVENTARIO |
| Número de inventario |
965 |
| 930 ## - NUMERO DE INVENTARIO |
| Número de inventario |
964 |
| 930 ## - NUMERO DE INVENTARIO |
| Número de inventario |
963 |
| 930 ## - NUMERO DE INVENTARIO |
| Número de inventario |
426 |
| 930 ## - NUMERO DE INVENTARIO |
| Número de inventario |
425 |
| 930 ## - NUMERO DE INVENTARIO |
| Número de inventario |
424 |
| 930 ## - NUMERO DE INVENTARIO |
| Número de inventario |
422 |
| 942 ## - ADDED ENTRY ELEMENTS (KOHA) |
| Source of classification or shelving scheme |
Dewey Decimal Classification |
| Item type |
Libros |